000 00715 a2200205 4500
010 _aENG-89726
020 _a8180546306
_c150.00
035 _aEN-73259
037 _bDBAD / PUB
082 1 4 _a332.1
090 _c11554
_d11554
100 1 _aSundharam, K.P.M.
245 1 _aIntroductory banking:
_cby K.P.M. Sundharam [and] P.N. Varshney
_btheory, law and practice/
260 _aNew Delhi
_bSultan Chand
_c2008
270 _a23, Daryaganj
_bNew Delhi
_e110 002
_k23243183, 23247051
_l011-23266357
300 _ax, 340, viiip.
_c24 cm (Pbk.)
700 1 _aVarshney, P.N.
942 _adpl
_cEN
_k332.1 / SUN
999 _c11238
_d11238